000 00511nam a2200133 a 4500
008 120416s1972 ||||||||||||||||| || u
050 _aGB 1197.7 Dom
100 _aDomenico, Patrick A
245 1 0 _aConcepts and models in groundwater hydrology
260 _aNew York
_bMcGraw-Hill
_c1972
300 _aix, 405p. : ill.
350 _a0.00
995 _D0.00
_FCBU-MAIN LIBRARY (Kitwe)
_H1
_I3.75
_M1
_UAVAILABLE
_WFeb 22, 2007
_ZMain Library Open Access Collection
999 _c38333
_d38333